| 000 | 01190nam a2200373 i 4500 | ||
|---|---|---|---|
| 001 | 55441 | ||
| 003 | KOSZ 005 | ||
| 005 | 20190829094607.0 | ||
| 008 | 080624s2008 pl a f |000 0 pol | ||
| 015 | _aPB 2008/17082 | ||
| 020 | _a9788372519092 | ||
| 035 | _a(OCoLC)750051038 | ||
| 040 |
_aWA N _cWA N _dKOSZ 005/HR |
||
| 046 | _k2008 | ||
| 080 | _a338.48 | ||
| 080 | _a(075.8) | ||
| 100 | 1 |
_aChudoba, Tadeusz _d(1932-2010). _eAutor |
|
| 245 | 1 | 0 |
_aTeoria i metodyka turystyki / _cTadeusz Chudoba. |
| 260 |
_aWarszawa : _bCentrum Doradztwa i Informacji Difin, _c2008. |
||
| 300 |
_a174 s. : _bil. ; _c23 cm. |
||
| 336 |
_2rdacontent _aTekst _btxt |
||
| 337 |
_2rdamedia _aBez urządzenia pośredniczącego _bn |
||
| 338 |
_2rdacarrier _aWolumin _bnc |
||
| 380 | _aKsiążki | ||
| 380 | _aPublikacje dydaktyczne | ||
| 385 |
_mPoziom nauczania _aSzkoły wyższe |
||
| 388 | _a2001- | ||
| 504 | _aBibliogr. s. 169-174. | ||
| 658 | _aGospodarka, ekonomia, finanse | ||
| 655 | 4 | _aPodręczniki akademickie | |
| 650 | 4 | _aTurystyka | |
| 856 |
_uhttp://koha.tu.koszalin.pl/cgi-bin/koha/opac-detail.pl?biblionumber=55441 _yKatalog online BPK |
||
| 942 |
_2UKD _cKS |
||
| 999 |
_c55441 _d55441 |
||